| 000 | 01278nam a2200241 a 4500 | ||
|---|---|---|---|
| 001 | BRCA_5394 | ||
| 005 | 20190320205047.0 | ||
| 084 |
_aDOC31 _b.I88 _c1821 |
||
| 100 | 1 |
_aIturbide, Agustín de _d1783-1824 _913792 |
|
| 245 | 1 | 0 |
_aDocumento firmado por Agustín de Iturbide _cAgustín de Iturbide, José Ignacio Lazo. |
| 260 |
_aMéxico _c1821 |
||
| 300 |
_a[2] fojas _c21 x 16 cm. |
||
| 500 | _aCarta firmada en julio de 1821 | ||
| 500 | _aCarta de Don Agustín de Iturbide dirigida a Don José Ignacio Lazo en la que le ofrece resguardo adjunto con la situación de descontento y de desorden que priva en el país acompañan al mismo, 200 ejemplares más para llenarlos con los nombres de las personas cuya conducta lo justifique | ||
| 500 | _aEstado de conservación: contiene manchas de acidez y márgenes maltratados | ||
| 506 | 0 | _aFondo reservado: para su consulta es necesario credencial de usuario y carta de motivos | |
| 546 | _aTexto en: español de principios del siglo XIX | ||
| 600 | 1 | 4 |
_aIturbide, Agustín de _cMilitar _d1783-1824 _qIturbide y Arámburu, Agustín Cosme Damián de _913793 |
| 651 | 4 |
_aMéxico _vImpreso con rúbricas _xHistoria _yGuerra de Independencia, 1810-1821 _912848 |
|
| 700 | 1 |
_aLazo, José Ignacio _913794 |
|
| 902 | _aFDH | ||
| 942 |
_2lcc _cD |
||
| 999 |
_c5088 _d5088 |
||